000 01314cam a22003253a 4500
001 992
005 20240126082116.0
020 _a078073002757
040 _aOCO
_beng
_cOCO
_dDVA
_dOCL
_dOCLCQ
_dMUS
_dOCLCQ
_dBTCTA
_dXP#
_dBAKER
_dYDXCP
_dXY4
_dOCLCG
_dGRR
_dZ87
_dOCLCQ
_dOCLCA
_dOCLCF
_dOCLCO
_dOCLCQ
_dOCLCO
_dOCL
_dOCLCQ
_dMQ9
_dOCLCO
_dFEM
_dOCLCQ
_dLKC
_dXK4
_dJDP
_dOCLCQ
_dOCLCO
_dCHBRC
_dOCL
_dOCLCO
_dDLC
050 0 0 _aPZ7.M3567585
082 _a813.54
100 1 _aMartin, Ann M.
_d1955-
245 1 0 _aKaren's new year /
_cAnn M. Martin; illustrations by Susan Tang.
260 _aNew York :
_bScholastic,
_c1991
300 _a90 pages :
_c20 cm
_billustrations ;
490 1 _aBaby-sitters little sister ;
_v14
490 0 _aLittle Apple
490 0 _aBabySitters
500 _a"A Little Apple paperback."
505 _aH
520 _aKaren starts the ball rolling on New Year's resolutions with her friends and later becomes the conscience of the group, reminding everyone of their failure to stick to their promises.
521 _a440
_bLexile
521 _aH
_bRaz-Plus
650 0 _aChristmas stories.
650 0 _aSchools
_vJuvenile fiction.
655 7 _aChildren's stories.
_2lcsh
700 1 _aTang, Susan
_eillustrator
906 _a7
_bcbc
_ccopycat
_d2
_encip
_f20
_gy-genrareb
942 _2ddc
_cBK
_n0
999 _c992
_d992